00915nam a2200253 a 450000100060000000300080000600500170001400800410003102000150007203500140008704000320010104100080013308200200014110000340016124500980019526000520029330000250034550400510037065000310042165000330045294200120048599900170049795201470051436030BD-RjUL20211209052424.0140615s1974 enk b 001 0 eng d a0710077432 a(BD-RjUL) aLCbengcLCdNSL:RdBD-RjUL aeng00a320.5bGEC 19741 aGellner, Ernest,d1925-9376710aContemporary thought and politics /cEdited with a preface by I. C. Jarvie and Joseph Agassi. aLondon ;aBoston :bRoutledge & K. Paul,c1974. aix, 207 p. ;c23 cm. aIncludes bibliographical references and index. 0aPolitical science.9109686 0aPolitical sociology.9109687 2ddccBK c36030d36030 00102ddc40718NFICaRUCLbRUCLcReadingd1975-12-02eGonathan Wren & Co.g3.95l0o320.5 GEC 1974r2014-06-15 00:00:00tC-1w2014-06-15yBK